Niektoré aplikácie matematicko-štatistických metód v poisťovníctve

Analýza niektorých problémov zdravotného a nemocenského poistenia. Autorka poukazuje na dôležité problémy v tejto oblasti: na výhody používania matematicko-štatistických metód v nemocenskom poistení, na rozlišovanie nemocenskej dávky podľa dĺžky trvania nemoci alebo poistenie kritických ochorení, na...

Descrizione completa

Salvato in:
Dettagli Bibliografici
Autore principale: Škrovánková, Petra, 1981-
Natura: Capitolo di libro
Lingua:slovacco
Soggetti:
Tags: Aggiungi Tag
Nessun Tag, puoi essere il primo ad aggiungerne!!

MARC

LEADER 00000naa$a2200000$$$4500
001 0091454
005 20240502072023.9
041 0 |a slo 
044 |a SK 
245 1 0 |a Niektoré aplikácie matematicko-štatistických metód v poisťovníctve  |c Petra Škrovánková 
520 |a Analýza niektorých problémov zdravotného a nemocenského poistenia. Autorka poukazuje na dôležité problémy v tejto oblasti: na výhody používania matematicko-štatistických metód v nemocenskom poistení, na rozlišovanie nemocenskej dávky podľa dĺžky trvania nemoci alebo poistenie kritických ochorení, na niektoré problémy zdravotnej starostlivosti. 
610 2 0 |a poistenie nemocenské 
610 2 0 |a financovanie 
610 2 0 |a metódy matematicko-štatistické 
610 2 0 |a zabezpečenie sociálne 
100 1 |a Škrovánková, Petra, 1981-